MARC details
| 000 -CABECERA |
| campo de control de longitud fija |
00988nam a2200253 a 4500 |
| 001 - NÚMERO DE CONTROL |
| campo de control |
000045758 |
| 005 - FECHA Y HORA DE LA ÚLTIMA TRANSACCIÓN |
| campo de control |
20240315194505.0 |
| 008 - DATOS DE LONGITUD FIJA--INFORMACIÓN GENERAL |
| campo de control de longitud fija |
150511s2013 dr ac 000 0 spa d |
| 040 ## - FUENTE DE LA CATALOGACIÓN |
| Centro catalogador/agencia de origen |
DO-SdBNP |
| Lengua de catalogación |
spa |
| Centro/agencia transcriptor |
BNPHU |
| 082 ## - NÚMERO DE LA CLASIFICACIÓN DECIMAL DEWEY |
| Número de clasificación |
xxxx |
| Número de documento/Ítem |
xxxx |
| 100 1# - ENTRADA PRINCIPAL--NOMBRE DE PERSONA |
| Nombre de persona |
Despradel, Carlos |
| Fechas asociadas al nombre |
1942- |
| 9 (RLIN) |
9280 |
| 245 10 - MENCIÓN DE TÍTULO |
| Título |
Interior : |
| Resto del título |
cosechas de la República Dominicana = Harvest of the Dominican Republic / |
| Mención de responsabilidad, etc. |
textos, Carlos Despradel ; fotografías, Miriam Calzada, Eladio Fernández, Pedro Genaro ; traducción, Josefina Dieguez. |
| 246 1# - FORMA VARIANTE DE TÍTULO |
| Título propio/Titulo breve |
Harvest of the Dominican Republic |
| 250 ## - MENCIÓN DE EDICIÓN |
| Mención de edición |
Ed. bilingüe |
| 260 ## - PUBLICACIÓN, DISTRIBUCIÓN, ETC. |
| Lugar de publicación, distribución, etc. |
Santo Domingo : |
| Nombre del editor, distribuidor, etc. |
VICINI, |
| Fecha de publicación, distribución, etc. |
2013. |
| 300 ## - DESCRIPCIÓN FÍSICA |
| Extensión |
v. : |
| Otras características físicas |
il., retrs. ; |
| Dimensiones |
33 cm. |
| 500 ## - NOTA GENERAL |
| Nota general |
La biblioteca posee el vol. IV. |
| 504 ## - NOTA DE BIBLIOGRAFÍA, ETC. |
| Nota de bibliografía, etc. |
Bibliografía : p. [57] : |
| 546 ## - NOTA DE LENGUA/LENGUAJE |
| Nota de lengua/lenguaje |
Texto en inglés y español |
| 700 12 - PUNTO DE ACCESO ADICIONAL--NOMBRE DE PERSONA |
| Nombre de persona |
Calzada, Miriam, |
| Término indicativo de función/relación |
fot. |
| 9 (RLIN) |
69594 |
| 700 12 - PUNTO DE ACCESO ADICIONAL--NOMBRE DE PERSONA |
| Nombre de persona |
Fernández, Eladio, |
| Término indicativo de función/relación |
fot. |
| 9 (RLIN) |
69578 |
| 700 12 - PUNTO DE ACCESO ADICIONAL--NOMBRE DE PERSONA |
| Nombre de persona |
Genaro, Pedro, |
| Término indicativo de función/relación |
fot. |
| 9 (RLIN) |
73833 |
| 700 12 - PUNTO DE ACCESO ADICIONAL--NOMBRE DE PERSONA |
| Nombre de persona |
Dieguez, Josefina, |
| Término indicativo de función/relación |
tr. |
| 9 (RLIN) |
73834 |